Massimo-SCH- paroles - Statistiques

Statistiques générales
  • Ce quiz a été pris 13 fois
  • Le résultat moyen est 121 sur 315
Statistiques - réponses
Paroles % Correct
a
100%
à
100%
A
100%
un
100%
dans
86%
garage
86%
grand
86%
grandit
86%
ma
86%
m'a
86%
niveau,
86%
niveau
86%
On
86%
on
86%
le
71%
j'suis
57%
les
57%
mathafack
57%
comme
43%
c'putain
43%
des
43%
du
43%
en
43%
et
43%
feu rouge,
43%
frère
43%
frere
43%
glock
43%
Hiroshima
43%
Ils
43%
ils
43%
j'quitte
43%
la
43%
l'périple
43%
mais
43%
mère
43%
mon
43%
ouais
43%
Ouais,
43%
pas
43%
pas,
43%
Plus
43%
pour
43%
pute
43%
tard
43%
tes
43%
ton
43%
Ton
43%
une
43%
A3,
29%
A4,
29%
abdos,
29%
ados,
29%
ados
29%
aux
29%
avatars
29%
bébé,
29%
Bébé,
29%
bite
29%
bite,
29%
câline,
29%
câline
29%
canines,
29%
cess
29%
chambre,
29%
chieront
29%
costauds
29%
d'belles
29%
des ados,
29%
d'garage
29%
d'la
29%
dl'or
29%
d'Massimo,
29%
donne
29%
doutes,
29%
d'sentiments,
29%
d'sentiments
29%
dur
29%
dure,
29%
d'vénérable
29%
encore
29%
finira
29%
Finira
29%
fric
29%
gros
29%
gyros,
29%
j'ai
29%
J'ai
29%
j'écris
29%
j'me
29%
j'oublie
29%
j'pense
29%
j'regardais
29%
j'regarde
29%
j'rêve
29%
j'vais
29%
j'veux
29%
khey,
29%
l'amour
29%
la récré,
29%
l'Hexagone
29%
l'Hexagone,
29%
l'khalis
29%
mes
29%
motos,
29%
narcos,
29%
n'm'aimes
29%
n'remplace
29%
perdent
29%
père
29%
peut etre
29%
peut être
29%
place
29%
plein
29%
pleins
29%
plomb
29%
potos
29%
ptit
29%
quatre,
29%
quitter
29%
reconstruis,
29%
récrée,
29%
régiment,
29%
remplace
29%
ressembler
29%
rêvé
29%
rien
29%
rouillé
29%
r'venir
29%
sapes
29%
semi-auto
29%
shit
29%
sirenes,
29%
sont
29%
sortir
29%
suces
29%
Tassimo,
29%
télé,
29%
tipeu
29%
Titus
29%
trois,
29%
trop
29%
trouvé
29%
tu
29%
valises,
29%
veut
29%
Vie
29%
vie
29%
vont
29%
Zavatta
29%
biture,
14%
Chihiro
14%
demi-faux
14%
Fack
14%
foi,
14%
fois,
14%
gémissent
14%
j'ai rêvé
14%
je bois,
14%
j'laisse
14%
ressers-moi,
14%
ressers-moi
14%
rivaux
14%
sentiments,
14%
squad
14%
tôt,
14%
amies
0%
frelot
0%
juste
0%
l'âge
0%
rien d'vénérable donne
0%
warh
0%
warh,
0%
Aucun quiz correspondant
Distribution des résultats
% des personnes avec chaque résultat
Percentile par nombre de réponses
Votre historique - résultats
Vous n’avez pas pris ce quiz